Logo CIB grande

Clinica y Terapeutica en la Nutrición del Adulto (Registro nro. 237860)

Detalles MARC
000 -LEADER
campo de control de longitud fija 00708nam a2200241Ia 4500
005 - FECHA Y HORA DE LA ÚLTIMA TRANSACCIÓN
campo de control 20250425162845.0
008 - DATOS DE LONGITUD FIJA--INFORMACIÓN GENERAL
campo de control de longitud fija 250425s9999 xx 000 0 und d
020 ## - NÚMERO INTERNACIONAL ESTÁNDAR DEL LIBRO
Número Internacional Estándar del Libro 9789500201391
041 ## - CÓDIGO DE IDIOMA
--
Código de lengua original spa
082 ## - NÚMERO DE LA CLASIFICACIÓN DECIMAL DEWEY
Número de clasificación 612.3
Iniciales del Autor GIR
010 ## - NÚMERO DE CONTROL DE LA BIBLIOTECA DEL CONGRESO
Número de control de LC 117139
100 ## - ENTRADA PRINCIPAL--NOMBRE DE PERSONA
Nombre de persona De Girolami, Daniel Horacio
245 #0 - MENCIÓN DEL TÍTULO
Título Clinica y Terapeutica en la Nutrición del Adulto
Mención de responsabilidad, etc. Daniel Horacio de Girolami; Carlos A. Gonzalez Infantino
250 ## - MENCION DE EDICION
Mención de edición 1A. ED.
260 ## - PUBLICACIÓN, DISTRIBUCIÓN, ETC.
Lugar de publicación, distribución, etc. Buenos aires
Nombre del editor, distribuidor, etc. El Ateneo
Fecha de publicación, distribución, etc. 2008
300 ## - DESCRIPCIÓN FÍSICA
Extensión 671 páginas
Dimensiones 26 cm.
500 ## - NOTA GENERAL
Nota general Incluye índice
504 ## - NOTA DE BIBLIOGRAFÍA, ETC.
Nota de bibliografía, etc. Nota bibliografía
650 ## - PUNTO DE ACCESO ADICIONAL DE MATERIA--TÉRMINO DE MATERIA
Término de materia o nombre geográfico como elemento de entrada Clínica y Terapéutica
650 ## - PUNTO DE ACCESO ADICIONAL DE MATERIA--TÉRMINO DE MATERIA
Término de materia o nombre geográfico como elemento de entrada Nutrición
700 ## - ENTRADA AGREGADA--NOMBRE PERSONAL
Nombre de persona González Infantino, Carlos
942 ## - ELEMENTOS DE ENTRADA SECUNDARIOS (KOHA)
Tipo de ítem Koha Libros
Existencias
Estatus retirado Estado de pérdida Estado de daño No para préstamo Biblioteca de origen Biblioteca actual Fecha de adquisición Coste, precio normal de compra Etiqueta RFID Total de préstamos Código de barras Visto por última vez Fecha del último préstamo Copia número Tipo de ítem Koha Nota pública
        CENTRO DE INFORMACIÓN BIBLIOTECARIA CENTRO DE INFORMACIÓN BIBLIOTECARIA 13/12/2024 130.00 0000000000000000037581 2 81037 14/07/2025 14/07/2025 1 Libros COMPRA

Copyright 2025 ESPOL. Todos los derechos reservados.